|
|
|
|
| LEADER |
00000nab a2200000 a 4500 |
| 001 |
vtls011117920 |
| 003 |
SK-MaSNL |
| 005 |
20260303145323.0 |
| 008 |
230222|2010 xo |||||||||||||||||slo| |
| 015 |
|
|
|a SNBRB
|
| 035 |
|
|
|a (uuid)551826e8-4e1c-4230-82fa-c358d8ad2fe6
|
| 035 |
|
|
|a (urnnbn)urn:nbn:sk:snk:ar-a08m61
|
| 035 |
|
|
|a urn:nbn:sk:snk-ab9o8t
|
| 040 |
|
|
|a SNKBUCL
|b slo
|c SNKBUCL
|e AACR2
|
| 041 |
0 |
|
|a slo
|
| 044 |
|
|
|a xo
|c SK
|
| 100 |
1 |
|
|a Sedničková, Mária
|4 aut
|9 1167778
|
| 245 |
1 |
0 |
|a ZAPLNENIE LOŽISKOVEJ MEDZERY MAZACÍM OLEJOM
|c Mária Sedničková, Ján Sekereš
|
| 246 |
3 |
|
|a FÜHLUNG VON LAGERSPALTE MIT DEM SCHMIERÖL
|
| 700 |
1 |
|
|a Sekereš, Ján,
|d 1945-
|4 aut
|9 207547
|
| 773 |
0 |
|
|t Acta Facultatis technicae Zvolen : vedecký časopis Fakulty environmentálnej a výrobnej techniky
|g Roč. 15, č. 2 (2010), s. 45-51
|
| 954 |
|
|
|a odborná, vedecká literatúra pôvodná (slovenská)
|2 lita
|
| 958 |
|
|
|a OND
|
| 958 |
|
|
|a EUIPO
|
| 958 |
|
|
|a article13
|
| 999 |
|
|
|c 2002157
|d 2004087
|